| 000 | 01130cam a2200349 a 4500 | ||
|---|---|---|---|
| 999 |
_c234588 _d234588 |
||
| 001 | 3036390 | ||
| 003 | Nust | ||
| 005 | 20170324131353.0 | ||
| 008 | 950629s1995 nyu 000 1 eng d | ||
| 010 | _a 95067757 | ||
| 020 |
_a9780140621761 (pbk.) : _c$5.95 |
||
| 035 | _a(OCoLC)32301187 | ||
| 040 |
_aAzS _cAzS _dTxU _dDLC |
||
| 042 | _alccopycat | ||
| 043 | _ae-uk-st | ||
| 050 | 0 | 0 |
_aPR5322 _b.R6 1995 |
| 082 | 0 | 0 |
_a823.7 _bSCO |
| 100 | 1 |
_aScott, Walter, _d1771-1832. |
|
| 245 | 1 | 0 |
_aRob Roy / _cSir Walter Scott. |
| 260 |
_aNew York : _bPenguin, _c1995. |
||
| 300 |
_a501 p. ; _c19 cm. |
||
| 500 | _a"A Signet Classic." | ||
| 600 | 0 | 0 |
_aRob Roy, _d1671-1734 _xFiction. |
| 650 | 0 |
_aOutlaws _xFiction. |
|
| 651 | 0 |
_aScotland _xHistory _y1689-1745 _xFiction. |
|
| 655 | 7 |
_aBiographical fiction. _2gsafd |
|
| 655 | 7 |
_aHistorical fiction. _2gsafd |
|
| 906 |
_a7 _bcbc _ccopycat _d3 _eopcn _f19 _gy-gencatlg |
||
| 942 |
_2ddc _cBK |
||